000
00349 a2200169 4500
001
183168
020
_a
85-322-4583-8
040
_c
Magnum
100
_a
Gomes, Alvaro Cardoso
240
1
0
_a
A hora do amor
_l
por
245
1
0
_a
A hora do amor
300
_a
125
362
0
_a
2001
440
1
_a
FTD
697
_a
LITERATURA JUVENIL
942
_c
BK
999
_c
183168
_d
183168